Learning Resource and Development

The impact of office administration practices on organizational efficiency among barangay secretaries in the municipality of Buhi / (Record no. 31913)

MARC details
000 -LEADER
fixed length control field 03155nam a2200313 i 4500
003 - CONTROL NUMBER IDENTIFIER
control field CSPC
005 - DATE AND TIME OF LATEST TRANSACTION
control field 20260226111222.0
008 - FIXED-LENGTH DATA ELEMENTS--GENERAL INFORMATION
fixed length control field 260226s2025 ph a b 000 0 eng d
040 ## - CATALOGING SOURCE
Original cataloging agency CSPC
Language of cataloging eng
Transcribing agency CSPC
Description conventions rda
090 ## - LOCALLY ASSIGNED LC-TYPE CALL NUMBER (OCLC); LOCAL CALL NUMBER (RLIN)
Classification number (OCLC) (R) ; Classification number, CALL (RLIN) (NR) UTH BSOA D622i 2025
100 1# - MAIN ENTRY--PERSONAL NAME
Personal name Dionicio, Francin Anne A.,
Relator term author.
245 14 - TITLE STATEMENT
Title The impact of office administration practices on organizational efficiency among barangay secretaries in the municipality of Buhi /
Statement of responsibility, etc. Francin Anne A. Dionicio, Franzil L. Equizabal, and Hana May V. Dutig.
260 ## - PUBLICATION, DISTRIBUTION, ETC.
Place of publication, distribution, etc. Buhi, Camarines Sur :
Name of publisher, distributor, etc. Camarines Sur Polytechnic Colleges,
Date of publication, distribution, etc. 2025.
300 ## - PHYSICAL DESCRIPTION
Extent 102 leaves.
336 ## - CONTENT TYPE
Source rdacontent
Content type term text
337 ## - MEDIA TYPE
Source rdamedia
Media type term unmediated
338 ## - CARRIER TYPE
Source rdacarrier
Carrier type term volume
502 ## - DISSERTATION NOTE
Dissertation note Undergraduate Thesis (BSOA)- Office Administration.
Name of granting institution Camarines Sur Polytechnic Colleges, 2025.
504 ## - BIBLIOGRAPHY, ETC. NOTE
Bibliography, etc. note Includes bibliographical references.
520 3# - SUMMARY, ETC.
Summary, etc. This study examined the impact of office administration practices on the organizational efficiency of Barangay Secretaries in the Municipality of Buhi, Camarines Sur. It specifically assessed the effectiveness of records management, communication flow, scheduling and time management, documentation processes, and general office organization. The study also sought to determine how these administrative practices influence the overall efficiency of barangay operations and service delivery to the community. The study employed a descriptive- quantitative research design and utilized a research-made survey questionnaire as the main instrument for data collection. Respondents consisted of thirty-tree (33) Barangay Secretaries from the different barangays of the municipality of Buhi, selected through complete enumeration. Weighted mean was used to interpret the responses. Findings revealed that Barangay Secretaries generally practice effective office administration, particularly in organizing records, maintaining proper documentation, and communicating clearly with local officials and constituents. These practices were rated as highly implemented and contributed positively to achieving organizational efficiency. However, the results also indicated challenges, such as limited storage space, inconsistent review of records, and occasional delays in communication and scheduling, which were rated as areas needing improvement. Despite these limitations, the overall level of organizational efficiency among barangays in Buhi was found to be strong. The study concludes that sound office administration practices play a vital role in enhancing the efficiency of barangay operations. Strengthening administrative systems, upgrading office resources, and providing continuous training may further improve performance and service delivery.
700 1# - ADDED ENTRY--PERSONAL NAME
Personal name Equizabal, Franzil L.,
Relator term author.
700 1# - ADDED ENTRY--PERSONAL NAME
Personal name Dutig, Hana May V.,
Relator term author.
720 1# - ADDED ENTRY--UNCONTROLLED NAME
Name Infante, Leonisa O.,
Relator term adviser.
720 1# - ADDED ENTRY--UNCONTROLLED NAME
Name Oliveros, Josefin
Relator term panelist, chair.
720 1# - ADDED ENTRY--UNCONTROLLED NAME
Name Luzon, April Z.,
Relator term panelist.
720 1# - ADDED ENTRY--UNCONTROLLED NAME
Name Verona, Lea Katrine S.,
Relator term panelist.
942 ## - ADDED ENTRY ELEMENTS (KOHA)
Source of classification or shelving scheme Dewey Decimal Classification
Suppress in OPAC No
Koha item type Unpublished Materials
Classification part D622i
Call number prefix UTH
Call number suffix 2025
Holdings
Withdrawn status Lost status Source of classification or shelving scheme Damaged status Not for loan Home library Current library Shelving location Date acquired Total Checkouts Full call number Barcode Date last seen Copy number Price effective from Koha item type
    Dewey Decimal Classification     CAMPUS CSPC CAMPUS CSPC Undergraduate Thesis Section 02/23/2026   UTH BSOA D622i 2025 00293UM-BUH 02/26/2026 1-1 02/26/2026 Unpublished Materials